| 000 | 00709nam a2200241 i 4500 | ||
|---|---|---|---|
| 001 | 7811 | ||
| 003 | ES-MaACL | ||
| 005 | 20230906145322.0 | ||
| 007 | t| | ||
| 008 | 910512s1991 sp ||||1| spa d | ||
| 020 | _a84-239-2237-5 | ||
| 080 | _a32:92 Arafat, Yasser | ||
| 100 | 1 |
_aFavret, Remi. _949005 |
|
| 245 | 1 | 0 |
_aArafat _b: un destino para un pueblo / _cRemi Favret. |
| 260 |
_aMadrid : _bEspasa-Calpe, _c1991. |
||
| 300 |
_a319 p. : _bil. ; _c24 cm. |
||
| 490 | 1 | _aBiografias Espasa | |
| 504 | _aBibliogr.: p. 313-316. | ||
| 600 | 1 | 4 |
_aArafat, Yasser- _xBiografĂas. _922159 |
| 830 | 0 |
_aBiografias Espasa _9177963 |
|
| 852 |
_aES-MaACL _jL-15084 _bR.118951 _z. - rust. |
||
| 999 |
_c7811 _d7811 |
||